[Event "WchT 8th"]
[Site "Ningbo"]
[Date "2011.07.17"]
[Round "1.3"]
[White "Ganguly, Surya Shekhar"]
[Black "Polgar, Judit"]
[Result "0-1"]
[WhiteElo "2627"]
[BlackElo "2699"]
[Annotator "Kritz,L"]
[PlyCount "120"]
[EventDate "2011.07.17"]
[EventType "team-tourn"]
[EventRounds "9"]
[EventCountry "CHN"]
[SourceTitle "CBM 144"]
[Source "ChessBase"]
[SourceDate "2011.09.16"]
[SourceVersion "1"]
[SourceVersionDate "2011.09.16"]
[SourceQuality "1"]
[WhiteTeam "India"]
[BlackTeam "Hungary"]
[WhiteTeamCountry "IND"]
[BlackTeamCountry "HUN"]

1. e4 c5 2. Nf3 e6 3. d4 cxd4 4. Nxd4 Nc6 5. Nc3 a6 (5... Qc7 6. Be3 a6 7. Qd2
Nf6 8. O-O-O Bb4 9. f3 $132 {ist heutzutage die populärste Variante im
Paulsen-System.}) 6. Nxc6 (6. Be3 {Versucht Weiß, in die Variante mit der
langen Rochade zu kommen, so wird er ausgebremst:} Nf6 7. Qd2 Bb4 8. f3 d5 $1
9. a3 Qa5 10. Nb3 Bxc3 11. bxc3 (11. Qxc3 Qxc3+ 12. bxc3 dxe4 $15) (11. Nxa5
Bxd2+ 12. Bxd2 dxe4 13. Nxc6 bxc6 14. Bb4 Bb7 $15) 11... Qc7 12. Bf4 e5 13.
exd5 exf4 14. dxc6 O-O 15. O-O-O Qxc6 16. c4 Be6 17. Qxf4 Rac8 18. Qd6 Qa4 19.
Qb4 Qxb4 20. axb4 Bxc4 $11 {Carlsen - Anand (Leon 2005)}) 6... bxc6 (6... dxc6
$2 7. Qxd8+ Kxd8 8. Bf4 $16 {Schwarz hat zu viele Schwächen im Lager, dazu
auch noch einen schlechten König und Eröffnungsrückstand.}) 7. Bd3 d5 8. O-O
Nf6 (8... Qc7 9. Re1 (9. Qe2 $5 Bb7 {Wenn Schwarz nicht gleich ...Nf6 spielt,
dann macht es auch Sinn, weiter mit der Entwicklung des Springers zu warten.} (
9... Nf6 10. b3 {Die Entwicklung des Läufers auf die lange Diagonale scheint
logischer zu sein.} ({Nach} 10. Bd2 Be7 11. Rae1 O-O 12. Kh1 Bb7 13. f4 Nd7 14.
Na4 Rfe8 15. b3 c5 16. c4 d4 17. e5 Bf8 18. Be4 a5 19. Qf3 Bxe4 20. Rxe4 Nb6
$132 {Topalov - Rublevsky (Ajaccio, 2004). kam es zu der für die Variante
typischen Bauernstruktur, wobei Schwarz keine Probleme mehr hat, weil sein
Gegenspiel am Damenflügel sehr schnell kommt.}) 10... Bb7 11. Re1 Nd7 12. Bb2
d4 13. Na4 Bd6 14. Qh5 c5 15. c3 e5 16. Rac1 $14 {Almasi - Volokitin (Dresden
2007). Weiß hat gutes Spiel gegen die schwarzen Bauern im Zentrum.}) 10. Bd2
Bd6 (10... Nf6 11. Rae1 Be7 12. e5 Nd7 13. Qg4 g6 14. Qg3 c5 15. b3 $14 {
Luther - Graf (Koenigshofen 2007)}) 11. f4 Ne7 $1 {Dieser Aufbau ist
elastischer als mit dem Springer auf f6. Vor allem hat Schwarz dadurch ein
lebendigeres Spiel.} 12. Kh1 O-O 13. e5 Bb4 14. Rf3 (14. a3 Bxc3 15. Bxc3 c5
16. b3 c4 17. bxc4 dxc4 18. Be4 Bxe4 19. Qxe4 Rfd8 $15) 14... Bxc3 15. bxc3 c5
16. Rh3 h6 17. c4 (17. Qh5 f5 18. exf6 Rxf6 19. Re1 c4 20. Bf1 Ng6 $15 {
Kramnik - Svidler (Monte Carlo 2005)}) 17... dxc4 18. Bxc4 $132) 9... Bb7 10.
Qf3 Bd6 11. e5 Bf8 (11... Bxe5 12. Qh5 Bxc3 13. bxc3 Nf6 14. Rxe6+ Kd8 (14...
Kf8 15. Rxf6 gxf6 16. Bh6+ Ke7 17. Re1+ Kd8 18. Qh4 Qd6 19. Bf4 $18) 15. Rxf6
gxf6 16. Rb1 $44 {Für die geopferte Qualität hat Weiß ausgezeichnete
Kompensation. Sein schwarzfeldriger Läufer ist keinesfalls schwächer als der
schwarze Turm.}) 12. Ne2 Ne7 (12... Qxe5 13. Bf4 Qf6 (13... Qxb2 $4 14. Rab1
$18) 14. Qg3 h6 15. c4 $44 {Es ist deutlich zu sehen, dass Weiß eine
superstarke Kompensation für nur einen Bauer hat.}) 13. Nf4 g6 14. Qg3 $1 (14.
c4 Bg7 15. Qe2 O-O 16. Bd2 dxc4 17. Bxc4 c5 $132 {Topalov - Svidler (Dortmund
2005). Schwarz bekam gutes Gegenspiel dank den Feldern d5 und d4, sowie auch
wegen der Schwäche des Bauern e5, an dessen Verteidigung die weißen Figuren
gebunden sind.}) 14... c5 15. c3 h5 (15... Bg7 $2 16. Nh5 $1 {Das ist die Idee
des Zuges 14.Qg3!}) 16. h4 Bg7 17. Nh3 $14 {Anand - Svidler (Rishon Le Zion
2006). Weiß macht Druck auf die geschwächten schwarzen Felder des
Königsflügels und besitzt klaren Vorteil.}) 9. Re1 Be7 10. e5 Nd7 11. Qg4 g6
12. b3 h5 {Eine interessante Idee. Schwarz verzichtet auf die lange Rochade,
dafür ist es sehr schwer für Weiß konkretes Spiel zu finden.} (12... Rb8 13.
Na4 h5 14. Qe2 Nb6 15. Nxb6 Qxb6 16. c4 d4 17. Bd2 c5 18. a3 a5 19. Reb1 O-O
$11 {Alsina Leal - Kobalia (Moscow, 2011)}) 13. Qf3 {Die Dame auf f3 steht
meiner Meinung nach nicht optimal. Besser wäre wohl 13.Qe2.} (13. Qe2 Bb7 14.
Na4 Nb6 15. Nxb6 Qxb6 16. c4 d4 17. Bf4 c5 18. Be4 O-O 19. Rad1 Ra7 20. Bh6 Rc8
21. Rd3 $40 {Ramesh - Berend (Nancy, 2008)}) 13... Qc7 14. Na4 Bb7 {Der Bauer
ist selbstverständlich tabu.} (14... Nxe5 $4 15. Rxe5 Qxe5 16. Bb2 d4 17. Qxc6+
$18) 15. Qe2 {Hier ist die Bestätigung, dass 13.Qf3 ein Fehlgriff war.} h4 $5 {
Schwarz will ...Rh5 spielen und den Bauern e5 unter Beschuss nehmen.} 16. h3 {
Zu einer unklaren Stellung führt 16.c4, wonach Schwarz seinen Bauer bis nach
h3 bringen kann.} (16. c4 h3 17. g3 d4 18. f4 Kf8 19. Be4 Kg7 20. Bb2 c5 21.
Bxb7 Qxb7 22. Qe4 $13 {Es ist schwer zu sagen, ob der Bauer h3 eher stark oder
schwach ist.}) 16... c5 17. c4 d4 {Die entstandene Bauernstruktur ist Standard
für diese Variante. Weiß muss den Bauern e5 verteidigen, danach die
weißfeldrigen Läufer tauschen und versuchen, a3-b4 in einem guten Moment
durchzuführen.} 18. Bf4 (18. f4 $5 Bc6 19. Be4 Kf8 20. Bd2 Kg7 21. Bxc6 Qxc6
22. Nb2 a5 $132 {Die Stellung ist im Endeffekt ausgeglichen.}) 18... Bc6 19.
Be4 Rh5 20. Nb2 {Typische Entwicklung - der Springer wird nach d3 überführt,
von wo er den Bauern e5 verteidigt, auf c5 angreift und auch noch bei der
Durchführung des Planes a3-b4 hilft.} Qb7 21. Bxc6 Qxc6 22. Nd3 a5 23. Rab1 Kf8
(23... a4 $2 24. b4 cxb4 25. Nxb4 Bxb4 26. Rxb4 $14 {Mit dem König im Zentrum
und dem Turm auf h5 steht Schwarz sehr verdächtig.}) 24. Bd2 Kg7 25. a4 $2 {
Weiß verliert für immer das einzig mögliche Gegenspiel. Vielleicht wäre 25.a3
stärker.} (25. a3 Rb8 $1 {und Weiß kann immer noch nicht b4 spielen:} 26. b4 $2
axb4 27. axb4 cxb4 28. Bxb4 Bxb4 29. Nxb4 Qa4 $15) 25... Rf5 26. f4 Qc7 27. Rf1
Nb8 28. Nf2 {Der Versuch, den Springer nach b5 zu bringen, scheitert:} (28. Ne1
Nc6 29. Nc2 Rd8 30. Qd3 Qb7 31. Na3 Nb4 32. Bxb4 axb4 33. Nb5 g5 $17) 28... Nc6
29. Ne4 {Es drohte g4!} Rh5 (29... Nb4 30. Bxb4 axb4 31. g4 hxg3 32. Nxg3 $18)
30. Rf3 {Weiß macht Züge, die gut aussehen, aber in Wirklichkeit gibt es in
dieser Stellung keinen aktiven Plan für ihn.} Rg8 31. Rbf1 Kf8 $3 {Eine sehr
starke Idee! Der schwarze König wandert nach a6, wonach Schwarz den
Königsflügel öffnet. Das ist ein weiterer Nachteil des Zuges 25.a4 - der
schwarze König fühlt sich am Damenflügel nun wie zu Hause!} 32. Qe1 Rf5 33. Qe2
Rh5 34. Qe1 Ke8 35. Nf2 Kd7 36. Ng4 Kc8 37. Qe4 {Nf6 ist natürlich keine
Drohung.} (37. Nf6 $2 Bxf6 38. exf6 Kb7 39. Qf2 Qd8 $19) 37... Kb7 38. Rd3 Ka6
39. Rdf3 Rb8 {Nun werden die weißen Figuren an die Verteidigung des Bauern b3
gebunden.} 40. Rd3 Rhh8 41. Qe2 Rb7 (41... Rb6 $1 {wäre noch stärker gewesen,
wie wir später sehen werden.}) 42. Rff3 Rhb8 43. Qe1 Rb6 {Die Idee ist es, die
Dame nach b8 zu stellen, um den Druck gegen b3 zu erhöhen.} 44. Kh1 Qc8 45. Qe2
R8b7 46. Qe1 Qb8 47. Qd1 {Schwarz hat das Maximum aus der Stellung gemacht,
nun ist die Zeit gekommen, zu entscheiden, ob man die Stellung noch
verschärfen möchte.} Bd8 48. Kg1 g5 49. Nh6 $6 {Weiß hat die Kontrolle über
das Geschehen längst verloren.} (49. Qe2 $5 {Die beste Chance!} Rxb3 (49...
gxf4 50. Qe4 {Der Angriff auf den Springer hilft Weiß, die Stellung zu halten!}
Bg5 51. Bxf4 Bxf4 52. Rxf4 Qc7 53. Rff3 $11) 50. Rxb3 Rxb3 51. Qe4 $1 Rb1+ 52.
Rf1 Rxf1+ 53. Kxf1 Qb7 54. fxg5 $11 {Die Stellung ist ausgeglichen!}) 49...
gxf4 50. Bxf4 (50. Rxf4 Nxe5 $19) 50... Bc7 51. Nxf7 Nxe5 {Nachdem der Bauer
e5 gefallen ist, wird Schwarz versuchen, seinen Bauern e6 nach vorne zu rücken.
} 52. Bxe5 Bxe5 53. Nxe5 Qxe5 {Die schwarzen Figuren sind viel aktiver und
daher seine Stellung auch etwas besser.} 54. Rf8 Qe4 55. Qd2 $2 {Weiß spielt
wieder sehr passiv.} (55. Rdf3 e5 56. Ra8+ Ra7 57. Rg8 $13 {Es ist nicht ganz
klar, was Schwarz demnächst tun wird.}) 55... Rg7 56. Rf4 Qb7 (56... Rxg2+ $4
57. Qxg2 Qxf4 58. Qa8#) 57. Rxh4 e5 58. Qe2 Rbg6 59. Rf3 (59. Rg4 Rxg4 60. hxg4
e4 61. Rh3 e3 62. Rh6+ Ka7 63. Qf3 Rf7 64. Qxb7+ Kxb7 $19) (59. Rd2 d3 60. Qf2
Rxg2+ 61. Qxg2 Rxg2+ 62. Rxg2 Qd7 $19) 59... d3 $1 60. Qf2 d2 0-1

[Event "EU-ch 12th"]
[Site "Aix les Bains"]
[Date "2011.03.30"]
[Round "8"]
[White "Andriasian, Zaven"]
[Black "Jansa, Vlastimil"]
[Result "1/2-1/2"]
[WhiteElo "2645"]
[BlackElo "2513"]
[Annotator "Marchand,A/Primel,D"]
[PlyCount "61"]
[EventDate "2011.03.22"]
[EventType "swiss"]
[EventRounds "11"]
[EventCountry "FRA"]
[SourceTitle "CBM 142 Extra"]
[Source "ChessBase"]
[SourceDate "2011.06.27"]
[SourceVersion "1"]
[SourceVersionDate "2011.06.27"]
[SourceQuality "1"]
[TimeControl "40/5400+30:1800+30"]

1. e4 c5 2. Nf3 e6 3. d4 cxd4 4. Nxd4 Nc6 5. Nc3 a6 (5... Qc7) 6. Nxc6 bxc6 (
6... dxc6 $143 $6 7. Qxd8+ Kxd8 8. Bf4 $32 {[%csl Rd8][%cal Ge1c1]}) 7. Bd3 (7.
e5 {[%csl Rd6]}) 7... d5 8. O-O Nf6 9. Re1 (9. Qe2) 9... Be7 10. e5 Nd7 11. Qg4
$14 {[%csl Rg7]} g6 (11... Kf8 {[%csl Rf8,Rh8]}) 12. Na4 (12. Bh6 $36 {[%csl
Re8,Rh8]} Rb8 13. Qh3 Rb4 14. Bg7 Rg8 15. Qxh7 Rxg7 16. Qxg7 Bf8 17. Qg8 Qg5
18. f4 $5 Rxf4 19. Rf1 {Munoz,L (2326)-Quesada Perez,Y (2505) Santo Domingo op
2005 (5) 1-0} (19. g3 Bb7 $132 {Pavlovic})) (12. b3) 12... h5 (12... Qa5) (
12... Rb8) 13. Qe2 Nb6 14. Nxb6 Qxb6 15. c4 d4 16. Be4 a5 $146 ({RR} 16... Rb8
17. Bf4 c5 18. b3 Bb7 19. Qd2 Qd8 20. Qd3 h4 21. h3 Kf8 22. Bxg6 fxg6 23. Qxg6
Qe8 24. Bh6+ Rxh6 25. Qxh6+ Kg8 26. Qxe6+ Kh7 27. Qg4 Qg6 28. f4 Rg8 29. Qxg6+
Kxg6 30. Rad1 Kf5 31. Rd2 {Solomon,S (2470)-Laznicka,V (2591)/Dresden 2008/0-1
(45)}) 17. Bf4 Bb7 18. Rad1 (18. b3 a4 $132) 18... c5 19. Rd3 a4 $132 {[%csl
Rb2]} 20. h3 Rb8 21. b3 Bxe4 22. Qxe4 Qb7 23. Qe2 Qc6 24. Rf3 (24. Qf3 {
La variante saisie а tort par la FFE} h4 25. Kh2 Rh5 26. g4 hxg3+ 27. fxg3 axb3
28. g4 Rh7 29. axb3 Ra8 30. Rf1 Ra7 31. Bg3) 24... h4 25. Kh2 Rh5 26. g4 hxg3+
27. fxg3 axb3 28. g4 (28. axb3) 28... Rh7 29. axb3 Ra8 30. Ref1 Ra7 31. Bg3
1/2-1/2

[Event "Sofia MTel Masters 3rd"]
[Site "Sofia"]
[Date "2007.05.18"]
[Round "8"]
[White "Topalov, Veselin"]
[Black "Mamedyarov, Shakhriyar"]
[Result "1/2-1/2"]
[WhiteElo "2772"]
[BlackElo "2757"]
[Annotator "Marin,M"]
[PlyCount "128"]
[EventDate "2007.05.10"]
[EventType "tourn"]
[EventRounds "10"]
[EventCountry "BUL"]
[EventCategory "19"]
[SourceTitle "CBM 118"]
[Source "ChessBase"]
[SourceDate "2007.05.31"]
[SourceVersion "1"]
[SourceVersionDate "2007.05.31"]
[SourceQuality "1"]

1. e4 c5 2. Nf3 e6 3. d4 cxd4 4. Nxd4 Nc6 5. Nc3 a6 6. Nxc6 bxc6 7. Bd3 d5 8.
O-O Nf6 9. Re1 Be7 10. Qf3 ({Topalov refrains from the long theoretical
dispute arising after} 10. e5 Nd7 11. Qg4 g6 12. Bh6 Rb8) 10... O-O 11. Bg5 $5
{A virtually uninvestigated move.} ({The usual continuation is} 11. Bf4 {
with the following logical sequence:} g6 12. Na4 Bb7 13. Rad1 Qa5 14. b3 dxe4
$1 {This is a good moment for Black to release the tension in the centre. As a
compensation for the spoiled integrity of his pawn structure he will get the
pair of bishops, while the white knight will need some time to be activated.
Topalov's second's recent experience probably convinced them that White has
little chance for an advantage here.} 15. Bxe4 Nxe4 16. Qxe4 Rad8 17. Be5 (17.
h3 {was played in Nakamura,H (2660)-Volokitin,A (2671)/Biel 2005/CBM 108/
[Ribli] (1/2-1/2, 41), which also contains a survey of this whole variation.})
17... Rxd1 18. Rxd1 Rd8 19. Rxd8+ Qxd8 20. Qd4 Qd5 21. Nc3 Qxd4 22. Bxd4 c5 23.
Be3 Bc6 $15 {[%csl Yc3][%cal Rc6a4,Rc6e4] Black has stabilized the situation
on the queenside and is entitled to hope for an advantage on the other wing,
Cheparinov,I (2621)-Firman,N (2471)/Warsaw 2005/CBM 108 (1-0, 65)}) 11... d4
12. Na4 e5 {An important move, consolidating Black-s centre. It should be
noted that with the white bishop on f4 this move is not possible, which
explains why Black does not block the centre with ...d4 in that case.} 13. b3
Nd7 $146 ({The only previous game where 11.Bg5 was played continued with} 13...
Be6 14. Nb2 $6 {White aims for a blockade on light squares, but allows Black
consolidate his advantage of space.} ({I suppose that Topalov intended to play
just as in the game,} 14. c3 {followed by doubling rooks on the c-file.}) 14...
Nd7 15. Bd2 a5 16. a4 Nb6 17. Qe2 Bg5 $15 {Kudinov,I-Taimanov,M/Stockholm 1998/
EXT 99 (0-1, 94)}) 14. Bxe7 Qxe7 {If we have a closer look at the position, we
can see that it bears certain similarity with a reversed... Exchange variation
of the Grünfeld, where Black attacks the enemy centre with ...e5 rathar than
the more popular ...c5. Although Black has more space in the current position,
White is very flexible and can try to set up pressure against the enemy centre.
} 15. c3 c5 16. Rac1 Qd6 17. Qg3 Bb7 18. Rc2 Rac8 19. Rec1 Qh6 {Both sides
have arranged their pieces in a harmonious way. Topalov's intentions are
easier to understand: increase the pressure along the c-file in order to
provoke some strategic concession (...dxc3 being the most desirable from them,
of course). However, Mamedyarov proves that he knows how to use an advantage
in space. The pressure exerted by his queen and bishop restrict White's active
possibilities.} 20. Nb2 ({White has to release the pressure against the
c5-pawn in order to over-defend the c4-square. In case of a neutral move such
as} 20. h3 $2 {Black disposes over} c4 $1 {If White re-captures with the
bishop, then the e4-pawn would fall. It is easy to understand that such an
exchange largely favours Black. However,} 21. bxc4 {is even worse, because it
occupies the c4-square, enabling} f5 $1 $17 {and if} 22. exf5 $2 {then} e4 {
when the saving Bc4+ is impossible, while} 23. Bf1 {loses material to} d3 $19 {
In this line, the black queen's and bishop's latent force is revealed
completely.}) 20... f5 $5 {A very ambitious continuation.} ({The neutral} 20...
Rfe8 {, over-defending the e5-pawn, is also playable.}) ({Black could have
also prepared the central break with} 20... Kh8 21. h3 $140 $6 f5 $1 $15 {
However, it is not easy to move the king away from the centre in the
perspective of the simplifications along the c-file.}) 21. exf5 e4 22. Bc4+ Kh8
{With such a strong pawn centre, Black can be entirely satisfied with the
result of the opening. However, the position remains very sharp.} 23. cxd4 {
This looks like a concession, but if Topalov aimed for a position that is hard
to understand over the board, then his decision is right.} (23. Be6 $5 d3 $1 (
23... Rcd8 $6 24. cxd4 cxd4 25. Rc7 $16) 24. Nxd3 $1 ({White is not
sufficiently well coordinated to carry out Topalov's trademark exchange
sacrifice with} 24. Bxd7 $6 dxc2 25. Rxc2 {because of} Rcd8 26. Qc7 e3 $1 $17)
24... exd3 25. Qxd3 $44 {[%csl Ge6][%cal Yc2d2,Yc1d1]}) 23... cxd4 24. Bf1 $5 {
A very provocative move.} Qxc1 {This was by no means forced, but it is hard to
refrain from "winning material".} 25. Rxc1 Rxc1 26. Qf4 Rc5 27. g4 Ne5 {
This was the position both sides have been aiming for. Black has a small
material advantage, attacking chances on the kingside, and a strong pased pawn
in the centre. However, White's overall coordination is better, which is
especially important in positions with Q versus 2 Rs.} 28. Nc4 Nf3+ 29. Kg2
Nh4+ $6 {The temptation of the following mini-combination was high, but the
knight stands well on f3 and there is no special need to remove it.} (29... h5
$5) 30. Kh3 Nxf5 31. b4 $1 {Probably missed by Mamedyarov. Now Black has to
fight for a draw.} ({It is easy to see that after} 31. gxf5 $2 Rcxf5 $19 {
the white king and queen are too exposed.}) 31... Rc6 (31... Rb5 32. Na5 $16 {
[%csl Yb5,Yb7]}) 32. gxf5 Rxf5 33. Qb8+ (33. Qxf5 Bc8 34. Qxc8+ Rxc8 35. Kg3 d3
36. Ne3 Rc2 $44 {[%csl Ya2,Yb4]}) 33... Bc8 34. Kg2 Rf8 35. Qe5 Rg6+ 36. Kh1 e3
37. Qe7 Rgf6 (37... Bb7+ 38. Qxb7 exf2 39. Qg2 $14 {In this line, Black cannot
attack the queenside pawns as easily as in the previous comment.}) 38. Ne5 $1 {
[%cal Yf1c4]} exf2 (38... Rxf2 $2 39. Bc4 R2f6 (39... e2 $2 40. Ng6+ $1 $18)
40. Nf7+ $40) 39. h4 Be6 40. Kh2 Bxa2 41. Nd7 R6f7 42. Qc5 Re8 43. Qxd4 Rd8 44.
Qb2 Rfxd7 45. Qxa2 Rd4 46. Kg3 Rxb4 47. Qxf2 {Although White has a material
advantage now, the position is probably drawn. All Black needs is to sacrifice
one of his rooks for the bishop and then setup a reliable fortress with R + 2
P versus Q + P.} a5 48. h5 h6 49. Qf7 a4 50. Bc4 a3 (50... Rxc4 $11) 51. Qe7
Rdb8 52. Qd6 a2 53. Bxa2 R4b6 54. Qd3 Rb2 55. Bc4 R2b4 56. Qd6 R4b6 57. Qd5 Rb4
58. Bd3 Rb3 59. Kf4 Rxd3 60. Qxd3 Rf8+ 61. Ke5 Rf6 62. Qd8+ Kh7 63. Qxf6 gxf6+
64. Kxf6 Kh8 1/2-1/2